000 00280nam a2200109Ia 4500
008 231107s2010 xx 000 0 und d
041 _aeng
100 _aMira Eva Pascuali
245 _aArchitectural ModelMaking
260 _aSingapore
_bBasheer Graphic Book
_c2010
300 _a160
999 _c931896
_d931896